Adaptive optics (Record no. 12994)

MARC details
000 -LEADER
fixed length control field 00792nam a2200205Ia 4500
003 - CONTROL NUMBER IDENTIFIER
control field IN-BaIIA
008 - FIXED-LENGTH DATA ELEMENTS--GENERAL INFORMATION
fixed length control field 211028s9999 xx 000 0 eng d
040 ## - CATALOGING SOURCE
Transcribing agency IIA Library
080 ## - UNIVERSAL DECIMAL CLASSIFICATION NUMBER
Universal Decimal Classification number 535.14(082.2)
Item number ADA
111 ## - MAIN ENTRY--MEETING NAME
Meeting name or jurisdiction name as entry element Topical Meeting on Adaptive Optics
Location of meeting Germany
Date of meeting or treaty signing 1995 Oct. 2-6
9 (RLIN) 22821
245 #0 - TITLE STATEMENT
Title Adaptive optics
Remainder of title proceedings of the topical meeting on adaptive optics held in Garching Bei Munchen, Germany, 2-6 Oct 1995
Statement of responsibility, etc. edited by M. Cullum
260 ## - PUBLICATION, DISTRIBUTION, ETC.
Place of publication, distribution, etc. Germany
Name of publisher, distributor, etc. European Space Observatory
Date of publication, distribution, etc. 1996
300 ## - PHYSICAL DESCRIPTION
Extent xiii, 542p.
490 ## - SERIES STATEMENT
Series statement ESO conference and workshop proceedings; no. 54
650 ## - SUBJECT ADDED ENTRY--TOPICAL TERM
Topical term or geographic name entry element Adaptive optics
650 ## - SUBJECT ADDED ENTRY--TOPICAL TERM
Topical term or geographic name entry element Optics
700 ## - ADDED ENTRY--PERSONAL NAME
Personal name Cullum, M .,ed.
9 (RLIN) 22822
710 ## - ADDED ENTRY--CORPORATE NAME
Corporate name or jurisdiction name as entry element European Space Observatory
9 (RLIN) 22823
942 ## - ADDED ENTRY ELEMENTS (KOHA)
Koha item type Books
Holdings
Withdrawn status Lost status Damaged status Not for loan Home library Current library Shelving location Date acquired Source of acquisition Total Checkouts Full call number Barcode Date last seen Price effective from Koha item type Purchase Price
        IIA Library-Bangalore IIA Library-Bangalore General Stacks 26/05/1999 ESO   535.14(082.2)/ ADA 13911 05/11/2021 26/05/1999 Books DM 80.00

Powered by Koha